000 01765ngm a2200349 4500
003 dpl
005 20080723110517.0
007 DVD
008 ||||||sp199 xxu|||||c|||| 00| 0 eng d
010 _aDVD-000862-864
024 _aA1850
_c599.00
035 _aDVD-000862-864
040 _aDPL
_cDPL
082 _aDVD / DUMB
245 _aDumbo
_cWalt Disney Home Entertainment
_h[videorecording] DVD/
246 _a.
250 _aSpecial Edition
260 _bWalt Disney Home Entertainment
300 _a1 videodisc DVD; (64 min.) :
_bsd., col. ;
_c4 3/4 in.
_fDVD
440 _aWalt Disney Home Entertainment
500 _aSole Distributor in India M/s. Excel Productions Autio Visuals Pvt. Ltd.
500 _aSpecial Features: Gamaes & Activities, Music & More, Bonus Shoarts
500 _aThis DVD is Copy Protected
538 _aDolby Digital 5.1 -English, Cantonese, Thai, Hindi, Spanish Subtitles: English,Thai, Bahasa, Hindi, spanish, Mandarin
538 _aAspect Ratio: 1.33:1, Presentation type:Full Frame, Presentation Size 4x3, Format DVD 9 Dual Layer Single Sided Disc.
650 _aAnimated Movie
942 _cCF
_2ddc
_hDVD
_mDUMB
999 _c16427
_d16427